Guia de serveis 2005 : polítiques locals de joventut / Oficina del Pla Jove polítiques locals de joventut / Oficina del Pla Jove
Descripción Física:
79 p. ; 21 cm
MARC
| LEADER | 00000nam a2200000Ia 4500 | ||
|---|---|---|---|
| 001 | 18733 | ||
| 008 | 160829s2005 xx 000 0 cat d | ||
| 080 | |a M-5-374 | ||
| 110 | 1 | |a Barcelona (Catalunya : Província). |b Oficina del Pla Jove |9 52707 | |
| 245 | |a Guia de serveis 2005 : |b polítiques locals de joventut / Oficina del Pla Jove | ||
| 260 | |a Barcelona : |b Diputació de Barcelona, |c 2005 | ||
| 300 | |a 79 p. ; |c 21 cm | ||
| 650 | |a Barcelona. Diputació |x Guies |9 32382 | ||
| 650 | |a Serveis municipals |x Guies |9 43740 | ||
| 901 | |a Arxiu | ||
| 942 | |n 1 | ||
| 952 | |0 0 |1 0 |4 0 |6 M5374 |7 1 |9 51602 |a Arxiu |b Arxiu |d 2016-12-01 |l 0 |o M-5-374 |p 18733 |r 2016-12-01 00:00:00 |w 2016-12-01 |y ARXIU | ||
| 999 | |c 55447 |d 55447 | ||